000 01551nam a2200457 c 4500
001 53159
003 ES-MaCES
005 20250203133004.0
008 240426s2023 sp | 000 | spa d
017 _aM 30945-2023
_bDL
020 _a9788429027952
040 _aES-MaCES
_bspa
_cES-MaCES
245 0 0 _aProtección y gestión de la propiedad intelectual en el metaverso
_cdir., Aurelio López-Tarruella Martínez ; [autores], Carlos Muñoz Ferrandis ... [et al.]
250 _a1ª ed
260 _aMadrid
_bReus
_c2023
300 _a286 p.
_c24 cm
490 1 _aColección Derecho digital
504 _aBibliografía: p. 377
541 _cCompra
650 4 _apropiedad intelectual
_929444
650 4 _aderecho de autor
_928931
650 4 _amarca registrada
_927940
650 4 _aprotección de los datos
_929496
650 4 _adivulgación de la información
_929540
650 4 _aderechos civiles
_930100
650 4 _amecanismo de control
_929918
650 4 _anuevas tecnologías
_930788
650 4 _atecnología de la información
_930104
650 4 _ainteligencia artificial
_930166
650 4 _aInternet
_930572
650 4 _apolítica de información
_929434
650 4 _aUE
_926752
650 4 _aderecho comunitario
_929866
650 4 _aderecho civil
_927156
653 1 0 _aDerecho civil
700 1 _941025
_aLópez-Tarruella Martínez, Aurelio
_edir.
700 1 _941032
_aMuñoz Ferrandis, Carlos
830 0 _aColección Derecho digital
_941024
902 _aLIB Libro
942 _2CES
_cBK
_h6.0.7.
999 _c53159
_d53159